Giulio Andreotti - Statistics

Statistiche generali
  • Questo quiz è stato fatto 52 volte
  • Il punteggio medio è 7 su 15
Statistiche sulle risposte
Anni Carica ricoperta % Corretto
1991-2013 Senatore
85%
1946-1991 Deputato
78%
1972-1973 Presidente del consiglio dei ministri
74%
1976-1979 Presidente del consiglio dei ministri
74%
1989-1992 Presidente del consiglio dei ministri
74%
1954-1954 Ministro dell'interno
67%
1983-1989 Ministro degli esteri
59%
1959-1966 Ministro della difesa
48%
1974-1974 Ministro della difesa
48%
1974-1976 Ministro del bilancio
19%
1955-1958 Ministro delle finanze
19%
1958-1959 Ministro del tesoro
19%
1990-1990 Presidente del consiglio europeo
19%
1947-1954 Sottosegretario di Stato
19%
1966-1968 Ministro dell'industria, del commercio e dell'artigianato
7%
Nessun quiz corrispondente trovato
Distribuzione punteggi
Percentuale di utenti per punteggio
Percentile per numero di risposta
I tuoi punteggi nel tempo
Non hai fatto questo quiz